[Event "Titled Tuesday intern op 02nd Apr Late"]
[Site "Chess.com INT"]
[Date "2024.04.02"]
[Round "11"]
[White "Shamsi, Mohammadhossein"]
[Black "Seletsky, Grigory"]
[Result "0-1"]
[WhiteElo "2217"]
[BlackElo "2214"]
[PlyCount "84"]
[EventDate "2024.04.02"]
[EventType "swiss (blitz)"]
[EventRounds "11"]
[EventCountry "USA"]
[SourceTitle "CB15_2024"]
[SourceDate "2024.04.10"]
[SourceVersion "1"]
[SourceVersionDate "2024.04.10"]
[SourceQuality "1"]

1. Nf3 d5 2. g3 c6 3. Bg2 Bg4 4. Ne5 Bf5 5. c4 dxc4 6. 0-0 e6 7. Nc3 Nf6 8. Nxc4 Be7 9. d4 0-0 10. b3 Nbd7 11. Bb2 h6 12. e4 Bh7 13. Qe2 a5 14. Rfd1 Nb6 15. a3 Re8 16. Rac1 Nfd7 17. Ne3 a4 18. b4 Qb8 19. Kh1 Nf6 20. f4 Qa7 21. Qf1 Rad8 22. f5 exf5 23. Nxf5 Bxf5 24. Qxf5 Nc4 25. e5 Nxb2 26. exf6 Bxf6 27. Re1 Rxe1+ 28. Rxe1 Qxd4 29. Ne4 Nd3 30. Rd1 Be7 31. Rf1 Rf8 32. Nd2 Ne5 33. Ne4 Nc4 34. Re1 Nxa3 35. Nf2 Bxb4 36. Ng4 Bxe1 37. Nxh6+ gxh6 38. Be4 Re8 39. Qh7+ Kf8 40. Qxh6+ Ke7 41. Qh4+ Kd6 42. Qf4+ Qe5 0-1

[Event "Titled Tuesday intern op 27th Feb Late"]
[Site "Chess.com INT"]
[Date "2024.02.27"]
[Round "3"]
[White "Seletsky, Grigory"]
[Black "Zou, Chen"]
[Result "0-1"]
[WhiteElo "2181"]
[BlackElo "2449"]
[PlyCount "48"]
[EventDate "2024.02.27"]
[EventType "swiss (blitz)"]
[EventRounds "11"]
[EventCountry "USA"]
[SourceTitle "CB10_2024"]
[SourceDate "2024.03.06"]
[SourceVersion "1"]
[SourceVersionDate "2024.03.06"]
[SourceQuality "1"]

1. e4 c6 2. g3 d5 3. Bg2 dxe4 4. Bxe4 Nf6 5. Bg2 Bg4 6. Bf3 Bxf3 7. Nxf3 Nbd7 8. d4 e6 9. 0-0 Be7 10. c4 0-0 11. Nc3 Qb6 12. Qe2 Rfe8 13. b3 Nf8 14. Bb2 Ng6 15. Rfe1 a6 16. Qc2 Qc7 17. Rad1 Rac8 18. Ne4 Nxe4 19. Qxe4 Bf6 20. Ne5 Rcd8 21. h4 Nxe5 22. dxe5 Be7 23. Bd4 Qa5 24. Qc2 Rxd4 0-1

[Event "Titled Tuesday intern op 13th Feb Early"]
[Site "Chess.com INT"]
[Date "2024.02.13"]
[Round "11"]
[White "Filippova, Margarita"]
[Black "Seletsky, Grigory"]
[Result "0-1"]
[WhiteElo "2026"]
[BlackElo "2181"]
[PlyCount "64"]
[EventDate "2024.02.13"]
[EventType "swiss (blitz)"]
[EventRounds "11"]
[EventCountry "USA"]
[SourceTitle "CB08_2024"]
[SourceDate "2024.02.21"]
[SourceVersion "1"]
[SourceVersionDate "2024.02.21"]
[SourceQuality "1"]

1. e4 e6 2. d4 d5 3. e5 c5 4. c3 Nc6 5. Nf3 Bd7 6. Be2 Nge7 7. 0-0 cxd4 8. cxd4 Nf5 9. Na3 Qb6 10. Nc2 h5 11. b3 Be7 12. Bb2 g5 13. Ne3 g4 14. Nxf5 gxf3 15. Ng7+ Kf8 16. Nxe6+ Bxe6 17. Bxf3 h4 18. Rc1 Bg5 19. Rc5 Nxe5 20. Bxd5 Be7 21. Bxe6 Bxc5 22. dxc5 Qxe6 23. Re1 Rg8 24. Bxe5 Qg6 25. Qd5 Re8 26. g3 h3 27. f4 f6 28. Bd6+ Kg7 29. Rxe8 Rxe8 30. Qxb7+ Kh6 31. Kf2 Qc2+ 32. Kf3 Qe2# 0-1

[Event "Titled Tuesday intern op 13th Feb Late"]
[Site "Chess.com INT"]
[Date "2024.02.13"]
[Round "9"]
[White "Kostiukov, Alexandr"]
[Black "Seletsky, Grigory"]
[Result "1-0"]
[WhiteElo "2271"]
[BlackElo "2181"]
[PlyCount "93"]
[EventDate "2024.02.13"]
[EventType "swiss (blitz)"]
[EventRounds "11"]
[EventCountry "USA"]
[SourceTitle "CB08_2024"]
[SourceDate "2024.02.21"]
[SourceVersion "1"]
[SourceVersionDate "2024.02.21"]
[SourceQuality "1"]

1. g3 d5 2. Bg2 c6 3. d3 Bf5 4. e4 dxe4 5. dxe4 Qxd1+ 6. Kxd1 Bg4+ 7. f3 Bc8 8. Be3 e5 9. Nd2 Be6 10. Bh3 Bxh3 11. Nxh3 f6 12. Ke2 Nd7 13. a4 Bc5 14. Nc4 0-0-0 15. Rhd1 Bxe3 16. Kxe3 Kc7 17. Rd3 Nh6 18. a5 Nc5 19. Rxd8 Rxd8 20. b4 Ne6 21. c3 Nf7 22. Nf2 Nd6 23. Nxd6 Rxd6 24. Nd3 g5 25. h4 gxh4 26. gxh4 Rd7 27. Rg1 Rg7 28. Rxg7+ Nxg7 29. f4 exf4+ 30. Kxf4 Kd6 31. Nc5 b6 32. axb6 axb6 33. Na4 b5 34. Nc5 Ne6+ 35. Kf5 Nxc5 36. bxc5+ Ke7 37. h5 Kf7 38. h6 Ke7 39. e5 fxe5 40. Kxe5 Kd7 41. Kf6 Kd8 42. Ke6 Kc7 43. Ke7 Kc8 44. Kd6 Kb7 45. Kd7 Ka6 46. Kxc6 Ka5 47. Kd5 1-0

[Event "Titled Tuesday intern op 13th Feb Early"]
[Site "Chess.com INT"]
[Date "2024.02.13"]
[Round "6"]
[White "Mena, Martin"]
[Black "Seletsky, Grigory"]
[Result "0-1"]
[WhiteElo "2032"]
[BlackElo "2181"]
[PlyCount "96"]
[EventDate "2024.02.13"]
[EventType "swiss (blitz)"]
[EventRounds "11"]
[EventCountry "USA"]
[SourceTitle "CB08_2024"]
[SourceDate "2024.02.21"]
[SourceVersion "1"]
[SourceVersionDate "2024.02.21"]
[SourceQuality "1"]

1. c4 e5 2. Nc3 Nc6 3. g3 f5 4. Bg2 Nf6 5. d3 Bb4 6. a3 Bxc3+ 7. bxc3 d6 8. Bg5 0-0 9. c5 dxc5 10. Qb3+ Kh8 11. Bxc6 bxc6 12. Nf3 Be6 13. Qxe6 e4 14. dxe4 fxe4 15. Ne5 Qd5 16. Qxd5 cxd5 17. Bxf6 Rxf6 18. Ng4 Re6 19. 0-0-0 c6 20. Kc2 Rf8 21. Rhf1 h5 22. Ne3 g5 23. Rb1 Rf7 24. Rb8+ Kg7 25. Nd1 d4 26. cxd4 cxd4 27. Rd8 c5 28. Rc8 Re5 29. Nb2 Ref5 30. Kd1 Rxf2 31. Rxf2 Rxf2 32. Rxc5 Kg6 33. h4 gxh4 34. gxh4 Rf4 35. Rd5 e3 36. Nd3 Rxh4 37. Ne5+ Kf6 38. Nf3 Rh1+ 39. Kc2 h4 40. Rxd4 h3 41. Rh4 Kf5 42. Kd3 Ra1 43. Rxh3 Rxa3+ 44. Kd4 Kf4 45. Rh4+ Kg3 46. Re4 Kf2 47. Ng5 Kxe2 48. Nh3 Kf3 0-1

[Event "Titled Tuesday intern op 13th Feb Late"]
[Site "Chess.com INT"]
[Date "2024.02.13"]
[Round "10"]
[White "Seletsky, Grigory"]
[Black "Blanco Diez, David"]
[Result "0-1"]
[WhiteElo "2181"]
[BlackElo "2308"]
[PlyCount "86"]
[EventDate "2024.02.13"]
[EventType "swiss (blitz)"]
[EventRounds "11"]
[EventCountry "USA"]
[SourceTitle "CB08_2024"]
[SourceDate "2024.02.21"]
[SourceVersion "1"]
[SourceVersionDate "2024.02.21"]
[SourceQuality "1"]

1. e4 c5 2. Nf3 e6 3. c4 Nc6 4. d4 cxd4 5. Nxd4 Nf6 6. Nc3 Bb4 7. Nxc6 bxc6 8. Bd3 e5 9. 0-0 0-0 10. Bg5 Be7 11. Kh1 d6 12. f4 exf4 13. Rxf4 h6 14. Bxf6 Bxf6 15. Qc2 Be5 16. g3 Bxf4 17. gxf4 Qf6 18. Rf1 Bh3 19. Rf3 Bg4 20. Rf2 Qd4 21. Qd2 Rae8 22. Kg2 Qf6 23. h3 Bd7 24. Qe3 Qg6+ 25. Kh2 f5 26. Rg2 Qf7 27. e5 dxe5 28. fxe5 f4 29. Qd4 f3 30. Bg6 Qf4+ 31. Qxf4 Rxf4 32. Bxe8 Bxe8 33. Rf2 Bh5 34. b3 Kf7 35. Kg3 g5 36. Na4 Ke6 37. Nc5+ Kxe5 38. Nd3+ Ke4 39. Nxf4 gxf4+ 40. Kh4 Ke3 41. Rf1 Bg6 42. Kg4 h5+ 43. Kg5 Bd3 0-1

[Event "Titled Tuesday intern op 13th Feb Early"]
[Site "Chess.com INT"]
[Date "2024.02.13"]
[Round "9"]
[White "Seletsky, Grigory"]
[Black "Murthy, Pappu LN"]
[Result "1-0"]
[WhiteElo "2181"]
[BlackElo "1821"]
[PlyCount "72"]
[EventDate "2024.02.13"]
[EventType "swiss (blitz)"]
[EventRounds "11"]
[EventCountry "USA"]
[SourceTitle "CB08_2024"]
[SourceDate "2024.02.21"]
[SourceVersion "1"]
[SourceVersionDate "2024.02.21"]
[SourceQuality "1"]

1. d4 Nf6 2. c4 c5 3. d5 b5 4. cxb5 a6 5. b6 e6 6. a4 Qxb6 7. a5 Qa7 8. Nc3 Bb7 9. e4 e5 10. Nf3 d6 11. Nd2 g6 12. Nc4 Nbd7 13. Be2 Qb8 14. 0-0 Qc7 15. f4 Bg7 16. f5 0-0 17. g4 gxf5 18. exf5 h6 19. h4 e4 20. g5 hxg5 21. hxg5 Nxd5 22. f6 Nxc3 23. bxc3 Bh8 24. Qxd6 Qxd6 25. Nxd6 Bc6 26. Bf4 Rfb8 27. Bc4 Rb2 28. Nxf7 Kh7 29. Rf2 Rxf2 30. Kxf2 Kg6 31. Ke3 Bxf6 32. gxf6 Nxf6 33. Rg1+ Kh7 34. Be5 Nh5 35. Rg5 Be8 36. Rxh5+ Kg8 1-0

[Event "Titled Tuesday intern op 13th Feb Late"]
[Site "Chess.com INT"]
[Date "2024.02.13"]
[Round "8"]
[White "Seletsky, Grigory"]
[Black "Rozman, Levy"]
[Result "0-1"]
[WhiteElo "2181"]
[BlackElo "2322"]
[PlyCount "68"]
[EventDate "2024.02.13"]
[EventType "swiss (blitz)"]
[EventRounds "11"]
[EventCountry "USA"]
[SourceTitle "CB08_2024"]
[SourceDate "2024.02.21"]
[SourceVersion "1"]
[SourceVersionDate "2024.02.21"]
[SourceQuality "1"]

1. b3 f5 2. Bb2 e6 3. g3 Nf6 4. Bg2 a5 5. a3 a4 6. b4 c5 7. b5 c4 8. d3 Qa5+ 9. Nc3 cxd3 10. cxd3 h5 11. h4 d5 12. Nf3 Be7 13. 0-0 0-0 14. Rb1 Nbd7 15. Ng5 Nc5 16. Na2 Nb3 17. e4 d4 18. exf5 exf5 19. Nc1 Nd2 20. Ne2 Nxf1 21. Bxf1 Qxb5 22. Nxd4 Qb6 23. Ba1 Qd6 24. Nb5 Qd8 25. Be2 f4 26. Bxh5 fxg3 27. fxg3 Nxh5 28. Qxh5 Qxd3 29. Rd1 Bc5+ 30. Kh1 Rf1+ 31. Rxf1 Qxf1+ 32. Kh2 Bg1+ 33. Kh1 Bf2+ 34. Kh2 Qg1# 0-1

[Event "Titled Tuesday intern op 06th Feb Early"]
[Site "Chess.com INT"]
[Date "2024.02.06"]
[Round "10"]
[White "Korol, Dimitry"]
[Black "Seletsky, Grigory"]
[Result "0-1"]
[WhiteElo "2287"]
[BlackElo "2181"]
[PlyCount "98"]
[EventDate "2024.02.06"]
[EventType "swiss (blitz)"]
[EventRounds "11"]
[EventCountry "USA"]
[SourceTitle "CB07_2024"]
[SourceDate "2024.02.14"]
[SourceVersion "1"]
[SourceVersionDate "2024.02.14"]
[SourceQuality "1"]

1. d4 b5 2. e4 Bb7 3. Bd3 e6 4. Qe2 a6 5. Nf3 Nf6 6. 0-0 Be7 7. a4 b4 8. c3 bxc3 9. bxc3 d5 10. e5 Nfd7 11. Be3 0-0 12. Nbd2 c5 13. Rfb1 Qc7 14. c4 dxc4 15. Nxc4 Nc6 16. Nd6 Rfb8 17. Nxb7 Rxb7 18. Bxa6 Rxb1+ 19. Rxb1 cxd4 20. Nxd4 Nxd4 21. Bxd4 Nc5 22. Bxc5 Bxc5 23. Bb5 g6 24. Rd1 Rd8 25. Rxd8+ Qxd8 26. g3 Qc7 27. Kg2 Bd4 28. f4 Qc3 29. h4 h5 30. Qd3 Qb2+ 31. Qe2 Qa1 32. Qf1 Qa2+ 33. Qe2 Qd5+ 34. Qf3 Qc5 35. Qe2 Kg7 36. Qd3 Qb4 37. Qe2 Bb6 38. Qd3 Qc5 39. Kf3 Qf2+ 40. Ke4 Qg2+ 41. Qf3 Qc2+ 42. Qd3 Qc5 43. Kf3 Qg1 44. Qe2 Qc1 45. Qd3 Qc5 46. Qe2 Kf8 47. Qd3 Kg7 48. Qe2 Qd5+ 49. Qe4 Qd1+ 0-1

[Event "Titled Tuesday intern op 06th Feb Late"]
[Site "Chess.com INT"]
[Date "2024.02.06"]
[Round "5"]
[White "Rustemov, Alexander"]
[Black "Seletsky, Grigory"]
[Result "1-0"]
[WhiteElo "2525"]
[BlackElo "2181"]
[PlyCount "83"]
[EventDate "2024.02.06"]
[EventType "swiss (blitz)"]
[EventRounds "11"]
[EventCountry "USA"]
[SourceTitle "CB07_2024"]
[SourceDate "2024.02.14"]
[SourceVersion "1"]
[SourceVersionDate "2024.02.14"]
[SourceQuality "1"]

1. d4 g6 2. c4 Bg7 3. g3 Nf6 4. Bg2 d5 5. cxd5 Nxd5 6. Nf3 0-0 7. 0-0 c6 8. e4 Nb6 9. h3 N8d7 10. Bf4 Qe8 11. e5 Nd5 12. Bd2 N7b6 13. Re1 h6 14. Qc1 Kh7 15. Nc3 Be6 16. Ne4 Qc8 17. Kh2 Rd8 18. Qc2 a5 19. a3 a4 20. Rac1 Nc7 21. Nc5 Bd5 22. h4 Qb8 23. h5 Ne6 24. Nh4 Nf8 25. hxg6+ fxg6 26. Be3 Bxg2 27. Kxg2 Qc8 28. Rh1 Nd5 29. Bd2 b6 30. Ne4 Qg4 31. f3 Qd7 32. Qxc6 Qa7 33. Qc2 Rac8 34. Qd3 Qd7 35. f4 Qe6 36. Nf3 Kg8 37. Qb5 Rxc1 38. Rxc1 Qf5 39. Nf2 Ne6 40. Qxa4 g5 41. Qc2 Qf7 42. f5 1-0

[Event "Titled Tuesday intern op 06th Feb Late"]
[Site "Chess.com INT"]
[Date "2024.02.06"]
[Round "6"]
[White "Seletsky, Grigory"]
[Black "Eggleston, Thomas"]
[Result "1-0"]
[WhiteElo "2181"]
[BlackElo "2188"]
[PlyCount "130"]
[EventDate "2024.02.06"]
[EventType "swiss (blitz)"]
[EventRounds "11"]
[EventCountry "USA"]
[SourceTitle "CB07_2024"]
[SourceDate "2024.02.14"]
[SourceVersion "1"]
[SourceVersionDate "2024.02.14"]
[SourceQuality "1"]

1. e4 e6 2. d4 d5 3. Nc3 Nf6 4. e5 Nfd7 5. f4 c5 6. Nf3 Nc6 7. Be3 a6 8. Qd2 Qb6 9. Na4 Qb4 10. Qxb4 Nxb4 11. Kd2 b6 12. a3 Nc6 13. Nc3 Be7 14. h4 f6 15. exf6 Nxf6 16. Bd3 cxd4 17. Nxd4 Nxd4 18. Bxd4 Bc5 19. Ne2 0-0 20. c3 Bb7 21. b4 Bxd4 22. cxd4 Ng4 23. g3 Rf7 24. Rac1 Raf8 25. Rc3 h6 26. h5 Nf2 27. Rhc1 Ne4+ 28. Bxe4 dxe4 29. Ke3 Rd7 30. Rc7 Rfd8 31. Rxd7 Rxd7 32. g4 Kf7 33. Ng3 a5 34. b5 a4 35. Nxe4 Bd5 36. Rc8 Ke7 37. Nc3 Bb3 38. Ke4 Bd5+ 39. Ke5 Bf3 40. g5 hxg5 41. fxg5 Bxh5 42. d5 Bg4 43. Rc6 exd5 44. Nxd5+ Kf7 45. g6+ Ke8 46. Rc8+ Rd8 47. Rxd8+ Kxd8 48. Nxb6 Kc7 49. Nxa4 Bh5 50. Kf5 Kb7 51. Nc3 Kb6 52. a4 Be2 53. Ne4 Bd3 54. Ke5 Ka5 55. Nd6 Kxa4 56. b6 Ba6 57. Ke6 Ka5 58. b7 Bxb7 59. Nxb7+ Kb6 60. Kf7 Kc6 61. Kxg7 Kd5 62. Kf7 Ke5 63. g7 Kf5 64. g8Q Ke5 65. Qg6 Kd4 1-0

[Event "Titled Tuesday intern op 06th Feb Early"]
[Site "Chess.com INT"]
[Date "2024.02.06"]
[Round "4"]
[White "Seletsky, Grigory"]
[Black "Rustemov, Alexander"]
[Result "0-1"]
[WhiteElo "2181"]
[BlackElo "2525"]
[PlyCount "90"]
[EventDate "2024.02.06"]
[EventType "swiss (blitz)"]
[EventRounds "11"]
[EventCountry "USA"]
[SourceTitle "CB07_2024"]
[SourceDate "2024.02.14"]
[SourceVersion "1"]
[SourceVersionDate "2024.02.14"]
[SourceQuality "1"]

1. b3 d5 2. Bb2 Bf5 3. e3 e6 4. Nf3 h6 5. d3 Nf6 6. Nbd2 Be7 7. g3 0-0 8. Bg2 c5 9. 0-0 Nc6 10. a3 Qc7 11. Qe2 Rfd8 12. h3 Rac8 13. Rfd1 b5 14. Rac1 Bh7 15. e4 a6 16. c4 dxc4 17. dxc4 b4 18. a4 Nd7 19. e5 Na5 20. Qe3 Nb8 21. Ne1 Nbc6 22. f4 Nd4 23. Bxd4 Rxd4 24. Ndf3 Rd7 25. Bf1 Rcd8 26. Be2 Nc6 27. Rxd7 Rxd7 28. Rd1 Rxd1 29. Bxd1 Qd7 30. Qd2 Qxd2 31. Nxd2 g5 32. Ndf3 gxf4 33. gxf4 f6 34. exf6 Bxf6 35. Bc2 Bxc2 36. Nxc2 Na5 37. f5 Kf7 38. fxe6+ Kxe6 39. Nd2 Bc3 40. Ne4 Nxb3 41. Kg2 Ke5 42. Kf3 Nd4+ 43. Nxd4 Kxd4 44. h4 Kxc4 45. h5 b3 0-1

[Event "Titled Tuesday intern op 16th Jan Late"]
[Site "Chess.com INT"]
[Date "2024.01.16"]
[Round "8"]
[White "Bluebaum, Matthias"]
[Black "Seletsky, Grigory"]
[Result "1-0"]
[WhiteElo "2655"]
[BlackElo "2204"]
[PlyCount "67"]
[EventDate "2024.01.16"]
[EventType "swiss (blitz)"]
[EventRounds "11"]
[EventCountry "USA"]
[SourceTitle "CB04_2024"]
[SourceDate "2023.10.16"]
[SourceVersion "1"]
[SourceVersionDate "2023.10.16"]
[SourceQuality "1"]

1. d4 c5 2. d5 e5 3. e4 d6 4. Bb5+ Nd7 5. a4 Ngf6 6. Nc3 Be7 7. Nf3 0-0 8. 0-0 Ne8 9. Nd2 g6 10. Be2 Ng7 11. Nc4 a6 12. f4 f6 13. Be3 exf4 14. Bxf4 Ne5 15. Qd2 Bd7 16. a5 Qc7 17. Nb6 Rae8 18. Kh1 Bd8 19. h3 f5 20. Bxe5 Rxe5 21. Nc4 Ree8 22. e5 dxe5 23. d6 Qc6 24. Nd5 e4 25. Rad1 Bf6 26. Ncb6 Be5 27. Ne7+ Rxe7 28. dxe7 Be6 29. exf8Q+ Kxf8 30. Qd8+ Kf7 31. Bc4 Bd4 32. c3 Bxc4 33. Nxc4 Qe6 34. Nd6+ 1-0

[Event "Titled Tuesday intern op 16th Jan Early"]
[Site "Chess.com INT"]
[Date "2024.01.16"]
[Round "8"]
[White "Gubajdullin, Alexey"]
[Black "Seletsky, Grigory"]
[Result "1-0"]
[WhiteElo "2253"]
[BlackElo "2204"]
[PlyCount "99"]
[EventDate "2024.01.16"]
[EventType "swiss (blitz)"]
[EventRounds "11"]
[EventCountry "USA"]
[SourceTitle "CB04_2024"]
[SourceDate "2023.10.16"]
[SourceVersion "1"]
[SourceVersionDate "2023.10.16"]
[SourceQuality "1"]

1. d4 c5 2. c3 Qc7 3. Nf3 g6 4. Bg5 Bg7 5. e3 Nf6 6. Nbd2 0-0 7. Be2 b6 8. 0-0 Bb7 9. h3 d6 10. a4 a6 11. Qb3 Nbd7 12. Rfd1 Rfe8 13. Bc4 d5 14. Bf1 c4 15. Qa3 e6 16. Bf4 Qc6 17. b3 Bf8 18. Qb2 b5 19. axb5 axb5 20. bxc4 dxc4 21. Ne5 Nxe5 22. Bxe5 Nd7 23. Bg3 Rxa1 24. Rxa1 Ra8 25. Rb1 b4 26. Nxc4 bxc3 27. Qxc3 Rc8 28. Qb3 Ba8 29. Ne5 Nxe5 30. Bxe5 h5 31. Qb6 Qe4 32. Ra1 Qf5 33. Qa6 Re8 34. Qxa8 Rxa8 35. Rxa8 Qe4 36. Rd8 Qc6 37. Bd6 Qxd6 38. Rxd6 Bxd6 39. h4 Kf8 40. g3 Ke7 41. Kg2 e5 42. Kf3 exd4 43. exd4 f5 44. Bb5 Bc7 45. Ke3 Bd6 46. Kd3 Bb4 47. Ke2 Bc3 48. d5 Bd4 49. d6+ Kf6 50. Be8 1-0

[Event "Titled Tuesday intern op 16th Jan Late"]
[Site "Chess.com INT"]
[Date "2024.01.16"]
[Round "3"]
[White "Luo, Terry"]
[Black "Seletsky, Grigory"]
[Result "1-0"]
[WhiteElo "2342"]
[BlackElo "2204"]
[PlyCount "69"]
[EventDate "2024.01.16"]
[EventType "swiss (blitz)"]
[EventRounds "11"]
[EventCountry "USA"]
[SourceTitle "CB04_2024"]
[SourceDate "2023.10.16"]
[SourceVersion "1"]
[SourceVersionDate "2023.10.16"]
[SourceQuality "1"]

1. d4 c5 2. d5 e5 3. c4 d6 4. Nc3 Nf6 5. e4 Be7 6. Nf3 0-0 7. Be2 Ne8 8. 0-0 Nd7 9. a3 g6 10. b4 Ng7 11. Rb1 b6 12. Bh6 f5 13. Nd2 f4 14. Bg4 Nf6 15. Bxc8 Rxc8 16. bxc5 bxc5 17. Rb7 Rc7 18. Qb3 Qc8 19. Rb1 Rd8 20. Rxc7 Qxc7 21. Qb7 Rd7 22. Qxc7 Rxc7 23. Rb8+ Kf7 24. Nb5 Rd7 25. Bxg7 Kxg7 26. Ra8 Bd8 27. Rxa7 Rxa7 28. Nxa7 Ba5 29. Nb3 Bc3 30. f3 Kf7 31. Nc8 Ne8 32. a4 Nc7 33. Nxd6+ Ke7 34. Nb5 Na6 35. Nxc3 1-0

[Event "Titled Tuesday intern op 16th Jan Early"]
[Site "Chess.com INT"]
[Date "2024.01.16"]
[Round "3"]
[White "Omelja, Artem"]
[Black "Seletsky, Grigory"]
[Result "1-0"]
[WhiteElo "2438"]
[BlackElo "2204"]
[PlyCount "87"]
[EventDate "2024.01.16"]
[EventType "swiss (blitz)"]
[EventRounds "11"]
[EventCountry "USA"]
[SourceTitle "CB04_2024"]
[SourceDate "2023.10.16"]
[SourceVersion "1"]
[SourceVersionDate "2023.10.16"]
[SourceQuality "1"]

1. d4 c5 2. c3 Qc7 3. Nf3 g6 4. Bg5 Bg7 5. e3 Nf6 6. Nbd2 0-0 7. Be2 d6 8. 0-0 Nbd7 9. Rc1 b6 10. Bh4 Bb7 11. Re1 a6 12. Bf1 Rfe8 13. h3 b5 14. e4 e5 15. Bg3 Nh5 16. Bh2 Rad8 17. a4 c4 18. axb5 axb5 19. b3 Nb6 20. bxc4 Nxc4 21. Nxc4 bxc4 22. d5 Nf4 23. Nd2 Ba6 24. Qa4 Ra8 25. Ra1 Nd3 26. Reb1 Qc5 27. Bg3 Bh6 28. Nf3 Bf4 29. Bh4 h6 30. Qa5 g5 31. Qxc5 Nxc5 32. Bg3 Nxe4 33. Bxf4 gxf4 34. Ra3 Bb7 35. Rxa8 Bxa8 36. Bxc4 Nxc3 37. Rb6 Nxd5 38. Rxd6 Nc3 39. Nh4 e4 40. Nf5 e3 41. fxe3 fxe3 42. Nxh6+ Kh7 43. Nxf7 e2 44. Ng5+ 1-0

[Event "Titled Tuesday intern op 16th Jan Late"]
[Site "Chess.com INT"]
[Date "2024.01.16"]
[Round "9"]
[White "Seletsky, Grigory"]
[Black "Zhu, Jiner"]
[Result "0-1"]
[WhiteElo "2204"]
[BlackElo "2467"]
[PlyCount "86"]
[EventDate "2024.01.16"]
[EventType "swiss (blitz)"]
[EventRounds "11"]
[EventCountry "USA"]
[SourceTitle "CB04_2024"]
[SourceDate "2023.10.16"]
[SourceVersion "1"]
[SourceVersionDate "2023.10.16"]
[SourceQuality "1"]

1. e4 c5 2. Nc3 Nc6 3. d3 g6 4. Be3 d6 5. d4 cxd4 6. Bxd4 Nxd4 7. Qxd4 Nf6 8. e5 dxe5 9. Bb5+ Bd7 10. Qxe5 Bg7 11. 0-0-0 0-0 12. Bxd7 Nxd7 13. Qb5 Qc7 14. Qxd7 Qb6 15. Nge2 Qxf2 16. Qd5 b5 17. Qf3 Qc5 18. Rd5 Qc7 19. Rxb5 Rac8 20. Rd1 a6 21. Rb7 Qe5 22. h3 Rc5 23. Kb1 h5 24. a3 Rcc8 25. Rdd7 Rfe8 26. Qd5 Qf6 27. Qf3 Qg5 28. Ne4 Qe5 29. N2c3 Rc4 30. Qd3 Rcc8 31. Qd5 Qf4 32. g3 Qf1+ 33. Ka2 Qf3 34. Rxe7 Rxe7 35. Rxe7 Bxc3 36. Nxc3 Qf2 37. Qe4 Rf8 38. g4 h4 39. g5 Qg3 40. Nd5 Qxg5 41. Re5 Qd8 42. Re7 Qd6 43. Qd4 Rd8 0-1

[Event "Titled Tuesday intern op 26th Sep Early"]
[Site "Chess.com INT"]
[Date "2023.09.26"]
[Round "3"]
[White "Seletsky, Grigory"]
[Black "Fernandez, Gerardo"]
[Result "1-0"]
[WhiteElo "2220"]
[BlackElo "2181"]
[PlyCount "61"]
[EventDate "2023.09.26"]
[EventType "swiss (blitz)"]
[EventRounds "11"]
[EventCountry "USA"]
[SourceTitle "EXT 2024"]
[Source "ChessBase"]
[SourceDate "2023.10.10"]
[SourceVersion "1"]
[SourceVersionDate "2023.10.10"]
[SourceQuality "1"]

1. e4 e6 2. d3 d5 3. Qe2 Nf6 4. e5 Nfd7 5. f4 c5 6. Nf3 Nc6 7. g3 Be7 8. Bg2 0-0 9. 0-0 a6 10. c4 d4 11. Nbd2 f5 12. exf6 Nxf6 13. Ne4 Nxe4 14. Qxe4 Bf6 15. Bd2 Rb8 16. Rae1 Ne7 17. Ng5 Bxg5 18. fxg5 Rxf1+ 19. Rxf1 b5 20. b3 bxc4 21. dxc4 Nf5 22. g4 Nh4 23. Qf4 Bd7 24. Qf7+ Kh8 25. Be4 Qe8 26. Qf2 Ng6 27. h4 Qf8 28. Qg3 Qe8 29. h5 Nf8 30. Bf4 Rc8 31. Be5 1-0

[Event "Titled Tuesday intern op 26th Sep Late"]
[Site "Chess.com INT"]
[Date "2023.09.26"]
[Round "1"]
[White "Seletsky, Grigory"]
[Black "Pichot, Alan"]
[Result "0-1"]
[WhiteElo "2220"]
[BlackElo "2648"]
[PlyCount "64"]
[EventDate "2023.09.26"]
[EventType "swiss (blitz)"]
[EventRounds "11"]
[EventCountry "USA"]
[SourceTitle "EXT 2024"]
[Source "ChessBase"]
[SourceDate "2023.10.10"]
[SourceVersion "1"]
[SourceVersionDate "2023.10.10"]
[SourceQuality "1"]

1. b3 e5 2. Bb2 Nc6 3. e3 Nf6 4. c4 g6 5. d3 Bg7 6. a3 0-0 7. Nd2 d5 8. cxd5 Nxd5 9. Qc2 f5 10. Ngf3 f4 11. e4 Nb6 12. b4 Be6 13. Be2 Qd7 14. 0-0 a5 15. b5 Nd4 16. Nxd4 exd4 17. Nf3 a4 18. Ng5 Bb3 19. Qd2 Qxb5 20. Nf3 c5 21. Rfb1 Nd7 22. Bd1 Bxd1 23. Bxd4 Bb3 24. Bxg7 Kxg7 25. Qc3+ Kg8 26. d4 cxd4 27. Nxd4 Qc5 28. Rxb3 axb3 29. Qxb3+ Kh8 30. Ne6 Qe5 31. Rd1 Rfe8 32. Nd4 Nc5 0-1